000 00610nam a2200169 i 4500
001 95392
003 ES-MaACL
005 20230906181709.0
007 t|
008 050527s1920 sp ||||1| spa d
100 1 _aLlanos y Torriglia, Félix de,
_d1868-1949
_972719
245 1 0 _a"Año de 1801" la casa de Heros
_b: apunte histórico del edificio que fué Presidencia de Ministros en la calle de Alcalá 51 /
_cFélix de Llanos y Torriglia.
260 _aMadrid :
_b[s.n.],
_c1920 (
_fArtes Gráficas Mateu)
300 _a47 p., 5 lam. ;
_ccm.
852 _aES-MaACL
_j1597-F-7
999 _c95392
_d95392